| 000 | 01222nam a22002897c 4500 | ||
|---|---|---|---|
| 001 | 000030474 | ||
| 003 | RuMoIPM | ||
| 005 | 20260505112404.0 | ||
| 008 | 240221b1967 ru ||||| |||| 00| 0 rus d | ||
| 035 | _a(RuMoBEN) 002231172 | ||
| 040 |
_aRuMoBEN _brus _ercr |
||
| 041 |
_arus _heng |
||
| 044 | _aru | ||
| 080 | _a510.8 | ||
| 080 | _a512.5 | ||
| 100 | _aРобинсон, Авраам | ||
| 245 |
_aВведение в теорию моделей и метаматематику алгебры _cА. Робинсон ; [пер. с англ. А. В. Волынского ; под ред. А. Д. Тайманова] |
||
| 260 |
_aМосква _bНаука _c1967 |
||
| 300 | _a376 с. | ||
| 490 | 0 | _aМатематическая логика и основания математики | |
| 500 | _aПер. изд.: Introduction to model theory and to the memamathematics of algebra / Abraham Robinson. Amsterdam : North-Holland, 1963 | ||
| 500 | _aНа обл. авт. не указан | ||
| 504 | _aБиблиогр.: с. 356-372 | ||
| 555 | _aИмен., предм. указ.: с. 373-376 | ||
| 856 | 4 | 0 |
_qapplication/pdf _uhttps://ikfia.ysn.ru/wp-content/uploads/2018/01/Robinson1967ru.pdf |
| 942 | _cBK | ||
| 999 |
_c30474 _d30474 |
||